000 00551cam a2200205ua 4500
001 9603
005 20260515114508.0
008 160302n ii |||gr||||Z||||||eng
020 _a9788183703505
040 _cMAIN
041 _aeng
082 _a658.32
100 _aVerma, Vishal,
_eAuthor.,
245 1 _aCompensation management :
_ba handbook for students of human resource management /
_cby Vishal Verma .
250 _a1st ed. .
260 _aNew Delhi:
_bAkansha,
_c2013.
300 _a412p.
653 _aGeneral management
942 _cBK
999 _c8625
_d8625